| 000 | 02062cam a2200481Mi 4500 | ||
|---|---|---|---|
| 003 | PE-LiUPU | ||
| 005 | 20250731172852.0 | ||
| 008 | 121205s2012 mau b 000 0 eng d | ||
| 020 | _a1598568388 | ||
| 020 | _a9781598568387 | ||
| 035 | _a(Sirsi) i9781598568387 | ||
| 040 |
_aPE-LiUPU _bspa _cPE-LiUPU _erda |
||
| 049 | _aPRUA | ||
| 082 | 0 |
_a220.12 _bM12 _223 |
|
| 100 | 1 |
_aMacDonald, Lee M. _d1942- |
|
| 245 | 1 | 0 |
_aFormation of the Bible : _bthe story of the church's canon / _cLee Martin McDonald. |
| 264 | 1 |
_aPeabody, MA : _bHendrickson Publishers, _c2012. |
|
| 300 |
_axiv, 178 páginas. : _bilustraciones. ; _c23 centímetros. |
||
| 336 |
_atext _2rdacontent |
||
| 337 |
_aunmediated _2rdamedia |
||
| 338 |
_avolume _2rdacarrier |
||
| 504 | _aBibliografía : páginas 175-178 | ||
| 505 | 0 | _aList of Tables -- List of Illustrations -- Preface -- Abbreviations -- Introduction -- What is the Bible?An Overview -- The Origin of the Old Testament Scriptures -- The Closing of the Old Testament Scriptures -- The first Scriptures of the earliest Christians -- How the new Testament Came to be -- What the Ancient Manuscripts tell us -- Canons, Councils, and Catalogues -- Epilogue -- Glossary of terms related to the Formation of the canon -- Select Bibliography | |
| 526 | _aSEG42 | ||
| 526 | _aSEG41 | ||
| 526 | _aSEG40 | ||
| 526 | _aSEG39 | ||
| 526 | _aP94 | ||
| 526 | _aP87 | ||
| 526 | _aP86 | ||
| 526 | _aP85 | ||
| 526 | _aP77 | ||
| 526 | _aP76 | ||
| 526 | _aP35 | ||
| 630 | 0 | 0 |
_aBiblia _xCanon. |
| 910 |
_ajck _bbpc _cbpc _d20160613 |
||
| 942 |
_2ddc _cBOOK |
||
| 949 |
_a220.12 M12 _wDEWEY _c1 _i73430 _lCCODEBUL1 _mBUL _p36.40 _r0 _sY _tBOOK _u2016-6-13 _xTEOLOGIA _PP35 _0COMPRA _o.STAFF. Colección General |
||
| 994 |
_aC0 _bPEPRU |
||
| 596 | _a1 | ||
| 999 |
_a220.12 M12 _wDEWEY _c9878 _i73430 _d9878 _f2021-11-9 _g5 _lCCODEBUL1 _mBUL _p36.40 _q1 _r0 _sY _tBOOK _u2016-6-13 _xTEOLOGIA _PP35 _0COMPRA _o.STAFF. Colección General |
||
| 980 |
_81 _gALBERTO SANCHEZ Responsable de Automatización |
||